Responses for Show #8771 - Monday, December 26, 2022

Ray Lalonde game 8.

Contestants

[<< previous game]

Bobby Freitas, a middle school teacher from Long Beach, California

Sarah Schmeer, an executive assistant from Portland, Oregon

Ray Lalonde, a scenic artist from Toronto, Ontario, Canada (whose 7-day cash winnings total $192,700)

[next game >>]

Jeopardy! Round responses

WORD PUZZLES
THE 18th CENTURY
THE OFFICE
VACATION ISLES
APPS & WEBSITES
REMEMBER THE ALAMO BOWL
    $200 6
split pea soup

Bobby
    $200 12
Catherine the Great

Sarah
    $200 13
a receptionist

Ray
    $200 18
the Aegean

Bobby
    $200 26
Zoom

Ray
    $200 21
San Antonio

Bobby
    $400 5
Robin Hood

Ray
    $400 11
glee club

Sarah
    $400 27
(Ray: What is Girl Friday?)
(Bobby: What is a work wife?)
(Sarah: What is My Girl Friday?)
(Ken: No, I'm afraid His Girl Friday was 1940. Bobby was closest; the movie is [*].)

The Office Wife

RaySarahBobby
Triple Stumper
    $400 17
navel

Ray
    $400 25
Telegram

Triple Stumper
    $400 20
the Pac-12 & the Big 12

Bobby
    $600 4
trail mix

Sarah
    $600 1
the Arabian Peninsula

Bobby
    $600 28
Nature Valley

Triple Stumper
    $600 14
(the Bay of) Naples

Ray
    $600 24
(Bobby: What is Venmo?)

PayPal

RayBobby
    $600 8
sacks

Ray
    $800 2
backing up

Ray
    $1,800 9
(Ken: That's correct, he wrote on optics, "For the Ladies".)

Newton

Ray
    $800 29
return to office

Sarah
    $800 15
Turks

Ray
    $800 22
Zillow

Sarah
    $800 7
Baylor

Bobby
    $1000 3
"For Once In My Life"

Sarah
    $1000 10
Rousseau

Ray
    $1000 30
a retrospective

Sarah
    $1000 16
Kauai

Sarah
    $1000 23
(Sarah: What is Amazon?)

Yelp

SarahBobby
    $1000 19
Drew Brees

Bobby

Scores at the first commercial break (after clue 15):

Ray Sarah Bobby
$6,200 $2,200 $1,600

Scores at the end of the Jeopardy! Round:

Ray Sarah Bobby
$7,000 $4,400 $3,400

Double Jeopardy! Round responses

SOUNDS LIKE A UNIVERSITY
STAGE MUSICALS BY SONG LYRICS
AFRICA
YOUR ELEMENTAL HIT PARADE
WRITE PLACE
WRONG TIME
    $400 27
coal gate

Ray
    $400 8
Peter Pan

Ray
    $400 29
rubber

Ray
    $400 30
lithium

Sarah
    $400 25
Ireland

Bobby
    $400 23
tardy

Sarah
    $800 26
corn L

Triple Stumper
    $800 7
Hair

Sarah
    $800 28
Carthage

Ray
    $800 24
lead

Ray
    $800 13
Twain

Bobby
    $800 22
old-fashioned

Ray
    $1200 19
two-lane

Bobby
    $1200 4
Fiddler on the Roof

Ray
    $3,000 9
the Boer War

Ray
    $1200 1
bismuth

Ray
    $1200 12
Lawrence of Arabia

Bobby
    $1200 16
premature birth

Sarah
    $1600 20
bran dice

Bobby
    $1600 5
(Bobby: What is The Producers?)
(Ray: What is The Greatest Showman?)
(Sarah: What is The Music Man?)
(Ken: No, I'm sorry, Ray was closest; it is about P.T. [*], but the musical is just called [*].)

Barnum

RaySarahBobby
Triple Stumper
    $1600 10
the Copts

Ray
    $1600 2
(Bobby: What is aluminum?)

titanium

RayBobby
    $1600 14
Tropic of Cancer

Triple Stumper
    $4,000 17
a day late & a dollar short

Sarah
    $2000 21
pepper dyne

Ray
    $2000 6
You're a Good Man, Charlie Brown

Ray
    $2000 11
(Ray: What is Namibia?)

the Namib

Ray
Triple Stumper
    $2000 3
nobelium

Ray
    $2000 15
the Trans-Siberian Railway

Sarah
    $2000 18
(Bobby: No, sorry.)

immature

Bobby
Triple Stumper

Scores at the end of the Double Jeopardy! Round:

Ray Sarah Bobby
$21,600 $11,600 $3,400

[wagering suggestions for these scores]

Final Jeopardy! Round responses

TV FINALES
(Ken: [To Sarah] Yes, reuniting Dolly with Lily Tomlin and Jane Fonda, her 9 to 5 co-stars.)
[On the 1/2/23 "Inside Jeopardy!" podcast Sarah mentioned that Ray said he was thinking of the Dolly Parton as godmother to Miley Cyrus connection when he began to write Hannah Montana.)
BobbyWhat is...
$3,200
SarahWhat is Grace & Frankie Frankie?
$11,500
RayWhat is Han Grace + Frankie?
$5,000
Grace and Frankie

Final scores:

Ray Sarah Bobby
$26,600 $23,100 $200
8-day champion: $219,300 2nd place: $2,000 3rd place: $1,000

Game dynamics:

Coryat scores:

Ray Sarah Bobby
$18,800 $9,200 $3,400
25 R
(including 2 DDs),
3 W
14 R
(including 1 DD),
3 W
13 R,
5 W

Combined Coryat: $31,400

[game clues] [game scores] [suggest correction]

Game tape date: 2022-10-26
The J! Archive is created by fans, for fans. Scraping, republication, monetization, and malicious use prohibited; this site may use cookies and collect identifying information. See terms. The Jeopardy! game show and all elements thereof, including but not limited to copyright and trademark thereto, are the property of Jeopardy Productions, Inc. and are protected under law. This website is not affiliated with, sponsored by, or operated by Jeopardy Productions, Inc. Join the discussion at JBoard.tv.